| 000 | 01142nam a2200253 4500 | ||
|---|---|---|---|
| 999 |
_c354894 _d354894 |
||
| 003 | BLK | ||
| 005 | 20250123102348.0 | ||
| 008 | 200415b bu ||||| |||| 00| 0 bu d | ||
| 040 | _aBLK | ||
| 041 |
_aBUL _cBUL |
||
| 080 |
_aТърговско право _b347.7 _z347.7 |
||
| 100 |
_aПанайодов, Константин Петров _eпърви автор _91299 |
||
| 139 |
_aПанайодов, Константин Петров _bП 17 |
||
| 245 |
_aКурс на търговско право _bЛекции, четени от К. Панайодов, адвокат в гр. Русе, във вечерния търговски курс, открит от Русенската търговска камара през 1898 год. _cКонстантин Петров Панайодов |
||
| 260 |
_aРусе _c1898 _fпеч. Надежда |
||
| 300 |
_a48 с. _c23 см |
||
| 380 | _a3 | ||
| 650 | 0 |
_9248222 _aТърговско право |
|
| 653 | 7 |
_9198878 _aтърговско право |
|
| 852 | _aК 34/П 17 | ||
| 942 |
_2udc _cKNG _n0 _s1 _01 |
||
| 944 |
_c2020-04-15 _k30558 _lВаля Йорданова |
||
| 999 | _d354894 | ||